Intervenção sobre o domínio econômico : (Record no. 271)

MARC details
000 -LÍDER
Campo Fixo de Controle 00790cam a2200229 a 4500
001 - NÚMERO DE CONTROLE
Campo de Controle 271
003 - IDENTIFICAÇÃO DO NÚMERO DE CONTROLE
Campo de Controle BR-CuiBMT
005 - DATA E HORA DA ÚLTIMA ATUALIZAÇÃO
Campo de Controle 20231121203326.0
008 - DADOS FIXOS
Dados Fixos 230914s2011 mgba 000 0 por d
020 ## - INTERNATIONAL STANDARD BOOK NUMBER
Nº do ISBN 9788577005192
040 ## - AGÊNCIA CATALOGADORA
Código da Agência Catalogadora BR-CuiBMT
Agência que transcreveu o registro BR-CuiBMT
080 ## - Nº DA CLASSIFICAÇÃO DECIMAL UNIVERSAL
Nº edição CDU 2007
Nº Class. CDU 338.24
090 ## - NÚMERO DE CHAMADA
Nº classificação 338.24
Cutter M338i
100 1# - ENTRADA PRINCIPAL -- AUTOR PESSOAL
Nome pessoal Marinho, Rodrigo César de Oliveira
245 10 - TÍTULO PRINCIPAL
Título principal Intervenção sobre o domínio econômico :
Subtítulo a contribuição e seu perfil constitucional /
Indicação de responsabilidade Rodrigo César de Oliveira Marinho ; prefácio Paulo de Barros Carvalho.
260 ## - PUBLICAÇÃO, DISTRIBUIÇÃO, ETC.
Local de publicação Belo Horizonte :
Editora Fórum,
Data 2011.
300 ## - DESCRIÇÃO FÍSICA
N. páginas ou volumes 370 p. :
Ilustrações il. ;
Dimensões 22 cm
504 ## - NOTA DE BIBLIOGRAFIA, ETC.
Nota de bibliografia Inclui bibliografia.
650 ## - ASSUNTO TÓPICO
Cabeçalho tópico ou nome geográfico Competência tributária
Subdivisão geográfica Brasil
650 ## - ASSUNTO TÓPICO
Cabeçalho tópico ou nome geográfico Direito tributário
Subdivisão geral Contribuições
Subdivisão geográfica Brasil
942 ## - ELEMENTOS DE ENTRADA ADICIONAIS (KOHA)
Fonte de classificação ou esquema de arquivamento Classificação Decimal Universal
Tipo de item do Koha Livros
Holdings
Estado: removido Estado: perdido Fonte de classificação ou esquema de arquivamento Estado: danificado Indisponível para empréstimo Localização permanente Localização atual Data de aquisição Total Checkouts Número de Chamada completo Código de barras Date last seen Número do exemplar Preço efetivo a partir de Tipo de item (Koha)
    Classificação Decimal Universal     Biblioteca da Escola Superior de Contas do TCE/MT Biblioteca da Escola Superior de Contas do TCE/MT 28/06/2023   338.24 M338i BIBTCEMT23090053 14/09/2023 Ex. 1 14/09/2023 Livros

Powered by Koha